000 03024nkm0a2200493 4500
001 RU\NLR\BIBL_A\011782044
005 20260204000000.0
010 _d1 р.
020 _aRU
_b895/46
_9ЛЕНИНГРАД В ВЕЛИКОЙ ОТЕЧЕСТВЕННОЙ ВОЙНЕ: Печать Ленинграда, 1941 - 1945: каталог изданий, хранящихся в фондах Государственной Публичной библиотеки, вып.2. Листовки,плакаты,открытки,альбомы/Гос.публ.б-ка им.М.Е.Салтыкова-Щедрина. - Ленинград,1972
035 _a(NLR Aleph) 011782044
090 _a76144
_c76144
100 _a20180904d1941 m y0rusy50 ca
101 0 _arus
102 _aRU
116 _adiycxx bi ad
135 _acrcn 024anaba
200 1 _aРуки прочь от Ленинграда!
_b[Плакат]
_fХудож. Н.Е. Муратов, текст Б. Тимофеева
_gЛенинградский союз советских художников
210 _aЛ.
_cЛССХ
_d[1941]
215 _a1 л.
_cхромолитогр.
_d55x36 см
225 2 _aБоевой карандаш
_e[Серия плакатов]
_h№ 46
325 _aКопия доступна в электронной библиотеке РНБ
517 1 _aШли от кайзера к нам гости...
540 1 _aШли от кайзера к нам гости...
606 1 _aБлокада Ленинграда
_z1941 - 1944
_jПлакаты
_2nlr_sh1
_2nlr_sh2
_3RU\NLR\AUTH\661253360
608 _aПлакаты общественно-политические
_2nlr_sh2
610 0 _aПлакаты
610 2 _aЛенинградский союз советских художников
702 1 _aМуратов
_bН.Е.
_cрусский советский художник-график
_f1908-1992
_gНиколай Евгеньевич
_4040
702 1 _aТимофеев-Еропкин
_bБ.Н.
_cпоэт, публицист, переводчик
_f1899-1963
_gБорис Николаевич
_4070
712 0 2 _aЛенинградский союз советских художников
_3RU\NLR\AUTH\889984698
_4570
790 1 _aТимофеев
_bБ. Н.
_cписатель-сатирик, поэт
_f1899-1963
_gБорис Николаевич
_3RU\NLR\auth\770129913
_4070
801 2 _aRU
_bNLR
_c20140815
_2rusmarc
852 _aNLR
_bЛ3-310 п
_j29/2-2-46
856 0 _uhttp://vivaldi.nlr.ru/la000070415/view
856 1 _uhttp://vivaldi.nlr.ru/la000070415/cover
856 2 _uhttp://vivaldi.nlr.ru/la000070415/text
942 _cVISUAL
945 _aРоссийская национальная библиотека
980 _aNB
980 _aBV
981 3 7 _a(37) Ленинград в Великой Отечественной войне
981 1 7 _a(17) Изографические материалы
_b(17) Плакаты